Sports Quiz

Random Sports or Baseball Quiz

MLB All-Star Game MVPs Quiz Stats

 Plays Quiz not verified by Sporcle

Challenge
Share
Tweet
Embed
Score 0/47 Timer 08:00
0 Plays Today
% Correct
Derek Jeter
79.1%
Willie Mays
48.8%
Willie Mays
48.8%
Bo Jackson
46.5%
Michael Young
46.5%
Ichiro Suzuki
41.9%
Bobby Bonds
39.5%
Pedro Martinez
39.5%
Carl Crawford
37.2%
Gary Carter
25.6%
Gary Carter
25.6%
Roger Clemens
25.6%
Brooks Robinson
23.3%
Tony Perez
23.3%
Frank Robinson
23.3%
Joe Morgan
23.3%
Steve Garvey
23.3%
Steve Garvey
23.3%
Fred Lynn
23.3%
Cal Ripken Jr.
23.3%
Cal Ripken Jr.
23.3%
J.D Drew
23.3%
Roberto Alomar
20.9%
Garret Anderson
20.9%
% Correct
Alfonso Soriano
20.9%
Dave Parker
18.6%
Kirby Puckett
18.6%
Willie McCovey
16.3%
Carl Yastrzemski
16.3%
Fred McGriff
16.3%
Miguel Tejada
16.3%
Juan Marichal
14%
Ken Griffey Jr.
14%
Sandy Alomar Jr.
11.6%
George Foster
9.3%
Dave Concepcion
9.3%
Tim Raines
9.3%
Julio Franco
9.3%
Jeff Conine
9.3%
Mike Piazza
9.3%
Maury Willis
7%
Bill Matlock
7%
Terry Steinbach
7%
Johnny Callison
2.3%
Don Sutton
2.3%
Ken Griffey Sr.
2.3%
LaMarr Hoyt
2.3%

You're not logged in!

Compare scores with friends on all Sporcle quizzes.
Join for Free
OR
Log In

You Might Also Like...

Show Comments

Extras

Top Quizzes Today


Score Distribution

Your Account Isn't Verified!

In order to create a playlist on Sporcle, you need to verify the email address you used during registration. Go to your Sporcle Settings to finish the process.

Report this User

Report this user for behavior that violates our Community Guidelines.

Details: